Vybavenie senzorickej miestnosti

Enregistré dans:
Détails bibliographiques
Auteur principal: Meliško, Michal (Auteur)
Autres auteurs: Lipková, Michala (Directeur de thèse)
Format: Manuscrit Livre
Langue:slovaque
Publié: Bratislava 2020
Sujets:
Accès en ligne:http://is.stuba.sk/zp/portal_zp.pl?podrobnosti=139025
Tags: Ajouter un tag
Pas de tags, Soyez le premier à ajouter un tag!

MARC

LEADER 00000ntm a22000003a 4500
001 stuzp80126
003 SK-STU
005 20200811113450.2
007 ta
008 150427s2015----xo-----f-mn---000-0-slo-d
040 |a STU  |b slo 
041 0 |a slo 
100 1 |a Meliško, Michal  |u 059190  |4 aut  |U FAD Fakulta architektúry  |T FA Ústav dizajnu  |X 88082  |U A9190  |Y 400  |7 88082 
242 0 1 |a Sensory Room Equipment  |y eng 
245 1 0 |a Vybavenie senzorickej miestnosti 
260 |c 2020  |a Bratislava 
650 4 |a modulárny systém  |2 slo 
650 4 |a hračka  |2 slo 
650 4 |a aktívne vzdelávanie  |2 slo 
650 4 |a senzorická miestnosť  |2 slo 
650 4 |a viacnásobné znevýhodnenie  |2 slo 
650 4 |a sensory room  |2 eng 
650 4 |a toy  |2 eng 
650 4 |a multiple disabilities  |2 eng 
650 4 |a active learning  |2 eng 
650 4 |a modular system  |2 eng 
700 1 |a Lipková, Michala  |u 059190  |k Z1  |4 ths  |U FAD Fakulta architektúry  |T FA Ústav dizajnu  |X 15371  |U A9190  |Y 400  |7 A000015371 
856 4 |u http://is.stuba.sk/zp/portal_zp.pl?podrobnosti=139025  |u https://opac.crzp.sk/?fn=detailBiblioForm&sid=2C8AB4190B6536A9D0801A7B1CEB